000 003160000a22001090004500
090 _aAS
_bSeriadas
245 1 0 _aPrimer registro de cuatro aves para Colombia
041 0 _aEspañol
100 1 _aRomero Zambrano, Hernando
_993556
942 _cARTICULO
773 1 _tLozania: Acta Zoológica Colombiana
_3375
_h25
_q1-4
_d1977
999 _c15201
_d15201